• 首页
  • 本馆介绍
  • 公告通知
  • 最新文献
  • 馆藏检索
  • 电子资源
  • 读者导购
  • 参考咨询
  • 我的图书馆
  • 登录
  • 详细信息显示
  • 放入我的书架
  • 预约/预借图书
  • 作者相关作品
  • 分类相关作品
  • 丛书相关作品
  • 出版社相关作品

书目信息

  • 表格格式
  • 工作单格式
  • 卡片格式
题名:
思想的未来
    
 
作者: Lessig, , 莱斯格 著 ;李旭 译
分册:  
出版信息: 北京   中信出版社  2004
页数: 16, 277页
开本: 24cm
丛书名:
单 册:
中图分类: TP393.4 , G301
科图分类:
主题词: 互连网络--影响--社会生活--研究
电子资源:
ISBN: 7-5086-0125-4
000 01355nam0 2200361 450
000 01320nam0 2200349 450
000 01283nam0 2200337 450
000 01233nam0 2200349 450
000 01196nam0 2200337 450
000 01129nam0 2200313 450
001 0104000022
005 20061012082830.39
010    @a7-5086-0125-4@dCNY29.00
100    @a20050927d2004 em y0chiy0110 ea
101 1  @achi@ceng
102    @aCN@b110000
105    @ay z 000yy
200 1  @a思想的未来@Asi xiang de wei lai@e网络时代公共知识领域的警世喻言@f(美)劳伦斯·莱斯格(Lawrence Lessig)著@F(mei)lao lun si·lai si ge(Lawrence Lessig)zhu@g李旭译
210    @a北京@c中信出版社@d2004
215    @a16, 277页@d24cm
330    @a本书以精辟的论述阐述了因特网信息的多样化和开放性,以及创新本身遭受到了威胁,我们将为子孙后代留下什么样的世界等观点。
510 1  @aThe Future of Ideas@zeng
517 1  @a网络时代公共知识领域的警世喻言@9wang luo shi dai gong gong zhi shi ling yu de jing shi yu yan
606 0  @a互连网络@x影响@x社会生活@x研究
690    @aTP393.4@v4
690    @aG301@v4
701  1 @aLessig,@bLawrence@4著
701  1 @a莱斯格@9lai si ge@b劳伦斯@4著
702  0 @a李旭@9li xu@4译
801  0 @aCN@b北京荣雅伟业图书经销中心@c20061012
905    @aBZT@dG301@e4
906    @dCNY29.00@n0@r1
    
    思想的未来:网络时代公共知识领域的警世喻言/(美)劳伦斯·莱斯格(Lawrence Lessig)著/李旭译.-北京:中信出版社,2004
    16, 277页;24cm
    
    
    ISBN 7-5086-0125-4:CNY29.00
    本书以精辟的论述阐述了因特网信息的多样化和开放性,以及创新本身遭受到了威胁,我们将为子孙后代留下什么样的世界等观点。
●
相关链接 在五车中查询图书 在当当中查询图书 在豆瓣中查询图书


正题名:思想的未来     索取号:G301/4         预约/预借

序号 登录号 条形码 馆藏地/架位号 状态 备注
1 497346   230017159   中心书库北库/ 北库032架B面4列1层43/ [索取号:G301/4] 在馆    
2 497347   230017158   中心书库北库/ 北库032架B面4列1层44/ [索取号:G301/4] 在馆    
3 497348   230017157   中心书库北库/ 北库032架B面4列1层42/ [索取号:G301/4] 在馆    
4 497349   230017156   中心书库北库/ 北库032架B面4列1层46/ [索取号:G301/4] 在馆    
5 497350   230017155   中心书库北库/ 北库032架B面4列1层45/ [索取号:G301/4] 在馆    
山东省滨州职业学院图书馆 欢迎您!
大连网信软件有限公司© 版权所有